Cespo di Rose : poesie e dialoghi per asili, scuole e famiglie. Seconda edizione riveduta, con appendice

Gespeichert in:
Bibliographische Detailangaben
1. Verfasser: Cantu, Ignazio
Format: Buch
Sprache:Italienisch
Erschienen: Milano Casa Tip. Edit. Arciv. Ditta Giacomo Agnelli 1896
Katalog:EDISCO:  Suchergebnis im Bibliothekskatalog
Schulbuchspezifische Eigenschaften:
Tags: Tag hinzufügen
Keine Tags, Fügen Sie den ersten Tag hinzu!
Hinzugefügt zu:30.04.2016
Geändert in:04.10.2017

MARC

LEADER 00000aam a22000005 4500
001 17762
003 OSt
005 20171004090104.0
008 160501s1896 it 000 0 ita
040 |c Paola Zonca - Torino - SBN 
041 1 |a ita 
100 1 |a Cantu, Ignazio 
245 0 0 |a Cespo di Rose : poesie e dialoghi per asili, scuole e famiglie. Seconda edizione riveduta, con appendice 
260 |a Milano  |b Casa Tip. Edit. Arciv. Ditta Giacomo Agnelli  |c 1896 
300 |a p. VIIJ, 1, 1/x ;   |c in 16° 
510 3 |a L. 1.25. 
901 |a 5 
942 |2 ddc  |c BK 
546 |a ita 
999 |c 17751  |d 17751 
999 |c edisco:17751  |d 17751